|
|
|
|
| LEADER |
00000naa2a2200000 4500 |
| 001 |
198812 |
| 005 |
20231031184104.0 |
| 035 |
|
|
|a (RuTPU)RU\TPU\book\216825
|
| 090 |
|
|
|a 198812
|
| 100 |
|
|
|a 20110708d2009 k y0rusy50 ca
|
| 101 |
0 |
|
|a rus
|
| 102 |
|
|
|a RU
|
| 200 |
1 |
|
|a Разработка двухкоординатного позиционно-чувствительного детектора для регистрации рассеяного излучения
|f Д. А. Нам, Б. И. Капранов
|
| 320 |
|
|
|a Библиогр.: 4 назв.
|
| 463 |
|
0 |
|0 (RuTPU)RU\TPU\book\208726
|t Качество - стратегия XXI века
|o материалы XIV Международной научно-практической конференции
|f Томский политехнический университет (ТПУ) ; Академия проблем качества России (АПК РФ), Томское отделение
|v С. 157-160
|d 2009
|p 223 с.
|
| 610 |
1 |
|
|a детекторы
|
| 610 |
1 |
|
|a двухкоординатные детекторы
|
| 610 |
1 |
|
|a расссеяное излучение
|
| 610 |
1 |
|
|a регистрация
|
| 610 |
1 |
|
|a разработка
|
| 610 |
1 |
|
|a изображение
|
| 610 |
1 |
|
|a неразрушающий контроль
|
| 610 |
1 |
|
|a труды учёных ТПУ
|
| 700 |
|
1 |
|a Нам
|b Д. А.
|
| 701 |
|
1 |
|a Капранов
|b Б. И.
|c российский учёный в области физических методов и приборов контроля качества
|c профессор Томского политехнического университета
|g Борис Иванович
|2 stltpush
|3 (RuTPU)RU\TPU\pers\26476
|
| 801 |
|
1 |
|a RU
|b 63413507
|c 20110708
|
| 942 |
|
|
|c BK
|